Modern radar system analysis software & uers manual version 2.0 (Record no. 67495)
[ view plain ]
| 000 -LEADER | |
|---|---|
| fixed length control field | 01222cmm a2200325 a 4500 |
| 001 - CONTROL NUMBER | |
| control field | 4999377 |
| 003 - CONTROL NUMBER IDENTIFIER | |
| control field | NUST - PNEC |
| 005 - DATE AND TIME OF LATEST TRANSACTION | |
| control field | 20170116181024.0 |
| 008 - FIXED-LENGTH DATA ELEMENTS--GENERAL INFORMATION | |
| fixed length control field | 920818s1992 mau f b |
| 010 ## - LIBRARY OF CONGRESS CONTROL NUMBER | |
| LC control number | 92032857 |
| 020 ## - INTERNATIONAL STANDARD BOOK NUMBER | |
| International Standard Book Number | 0890066736 |
| 040 ## - CATALOGING SOURCE | |
| Original cataloging agency | DLC |
| Transcribing agency | LIBRARY |
| Modifying agency | DLC |
| 041 0# - LANGUAGE CODE | |
| Language code of accompanying material other than librettos | eng |
| 050 00 - LIBRARY OF CONGRESS CALL NUMBER | |
| Classification number | TK6575 |
| 082 00 - DEWEY DECIMAL CLASSIFICATION NUMBER | |
| Classification number | 621.3848 BAR |
| 100 1# - MAIN ENTRY--PERSONAL NAME | |
| Personal name | Barton, David Knox, |
| Dates associated with a name | 1927- |
| 245 10 - TITLE STATEMENT | |
| Title | Modern radar system analysis software & uers manual version 2.0 |
| Statement of responsibility, etc. | D.K. Barton |
| 256 ## - COMPUTER FILE CHARACTERISTICS | |
| Computer file characteristics | Computer program. |
| 260 ## - PUBLICATION, DISTRIBUTION, ETC. | |
| Date of publication, distribution, etc. | c.1993 |
| 500 ## - GENERAL NOTE | |
| General note | Title from disk label. |
| 520 ## - SUMMARY, ETC. | |
| Summary, etc. | Provides accurate calculations of the maximum detection range of a pulsed radar under a variety of environmental conditions involving thermal noise, jamming, and all types of clutter. |
| 538 ## - SYSTEM DETAILS NOTE | |
| System details note | System requirements: IBM PC or compatible; at least 512K; DOS 3.0 or higher; hard disk; monochrome or color monitor; adapter card (EGA, VGA, Hercules) and printer (optional). |
| 590 ## - LOCAL NOTE (RLIN) | |
| Local note | LC has 2 copies. |
| 650 #0 - SUBJECT ADDED ENTRY--TOPICAL TERM | |
| Topical term or geographic name entry element | Radar |
| General subdivision | Software. |
| -- | EL, MS COMM |
| 700 1# - ADDED ENTRY--PERSONAL NAME | |
| Personal name | Barton, William F. |
| 753 ## - SYSTEM DETAILS ACCESS TO COMPUTER FILES | |
| Make and model of machine | IBM PC |
| Operating system | DOS 3.0 |
| 906 ## - LOCAL DATA ELEMENT F, LDF (RLIN) | |
| a | 7 |
| b | cbc |
| c | orignew |
| d | 1 |
| e | ocip |
| f | 19 |
| g | y-gencompf |
| 942 ## - ADDED ENTRY ELEMENTS (KOHA) | |
| Source of classification or shelving scheme | |
| Koha item type | Book |
| Withdrawn status | Lost status | Source of classification or shelving scheme | Damaged status | Not for loan | Permanent Location | Current Location | Shelving location | Date acquired | Total Checkouts | Full call number | Barcode | Date last seen | Price effective from | Koha item type |
|---|---|---|---|---|---|---|---|---|---|---|---|---|---|---|
| Pakistan Navy Engineering College (PNEC) | Pakistan Navy Engineering College (PNEC) | 621.3848 BAR | PNECLIB-020938 | 09/16/2015 | Book | |||||||||
| Pakistan Navy Engineering College (PNEC) | Pakistan Navy Engineering College (PNEC) | 621.3848 BAR | PNECLIB-020939 | 09/16/2015 | Book | |||||||||
| Pakistan Navy Engineering College (PNEC) | Pakistan Navy Engineering College (PNEC) | 621.3848 BAR | PNECLIB-020940 | 09/16/2015 | Book | |||||||||
| Pakistan Navy Engineering College (PNEC) | Pakistan Navy Engineering College (PNEC) | 621.3848 BAR | PNECLIB-020941 | 09/16/2015 | Book | |||||||||
| Pakistan Navy Engineering College (PNEC) | Pakistan Navy Engineering College (PNEC) | 621.3848 BAR | PNECLIB-020942 | 09/19/2015 | Book |
